000 00569nam a2200217Ia 4500
008 101110s9999 xx 000 0 und d
041 _aENGLISH
082 _bJR5081
100 _aWasu V.K. & Waghale A.Y.
245 _aElements of chemistry Std. XI Sci.
260 _c2006
_bHimalaya Publishing House, Mumbai
300 _a305
365 _b54
520 _aChemistry
546 _aENGLISH
630 _aElements of chemistry Std. XI Sci.
650 _aChemistry
655 _aChemistry
730 _aElements of chemistry Std. XI Sci.
942 _cBOOK
999 _c795886
_d795883